Re-thinking art history: feminist art writing in post-Soviet Estonia
| Titel: | Re-thinking art history: feminist art writing in post-Soviet Estonia / Katrin Kivimaa |
|---|---|
| Verfasser: | |
| In: |
History of art history in Central, Eastern and South-Eastern Europe ; 2, (2012), Seite 255-260 alle Artikel anzeigen |
| Veröffentlicht: | 2012 |
| Format: | Aufsatz |
| Sprache: | Englisch |
X
alg: 54297538 001A $03025:17-03-26 001B $03025:17-03-26 $t12:28:57.000 001D $03025:17-03-26 001U $0utf8 001X $00 002@ $0Aou 002C $aText $btxt $2rdacontent 002D $aohne Hilfsmittel zu benutzen $bn $2rdamedia 002E $aBand $bnc $2rdacarrier 003@ $0542975386 010@ $aeng 010E $erda 011@ $a2012 021A $aRe-thinking art history: feminist art writing in post-Soviet Estonia $hKatrin Kivimaa 028A $aKivimaa $dKatrin 031A $h255-260 $j2012 039B $aEnthalten in $8--Afu--. History of art history in Central, Eastern and South-Eastern Europe ; 2. - Toruń : Tako Publishing House, 2012. - 285 S.. - zahlr. Ill.. - ISBN 978-83-924110-9-3 $x201200000000000745 $9318840421 044K $RGouvernement Estland $REstnische Sozialistische Sowjetrepublik $#Estland $#Estland $#Estland $#Estland (vor 1940) $#Republik Estland $#Estnische Republik $#Eesti $#Eesti Vabariik $#EV $#Estonia $#Republic of Estonia $#Estonie $#Ėstonskaja Respublika $74015587-0 $8Estland [Tg1] $9085035777 045R $aGeschichte 1990-2010 lok: 54297538 78 exp: 54297538 78 1 #EPN 201B/01 $017-03-26 $t12:28:57.000 201C/01 $017-03-26 201U/01 $0utf8 203@/01 $01337640549 208@/01 $a17-03-26 $be 209A/01 $a/ $f000 $x00 209A/01 $ab*p $x01 220C/01 $apgar 244Z/01 $#Estland $#Estland $#Estland $#Estland (vor 1940) $#Republik Estland $#Estnische Republik $#Eesti $#Eesti Vabariik $#EV $#Estonia $#Republic of Estonia $#Estonie $#Ėstonskaja Respublika $74015587-0 $8--Tg1--Estland $x13 $9085035777 247C/01 $82080>Marburg/Lahn, Herder-Institut, Forschungsbibliothek, Bibliographieportal $9336309341
| LEADER | 00000naa a2200000 c 4500 | ||
|---|---|---|---|
| 001 | 542975386 | ||
| 003 | DE-603 | ||
| 005 | 20260317122857.0 | ||
| 007 | tu | ||
| 008 | 260317s2012 xx |||| | u00||u|eng c | ||
| 035 | |a (DE-599)HEB542975386 | ||
| 040 | |a DE-603 |b ger |c DE-603 |d DE-603 |e rda | ||
| 041 | |a eng | ||
| 100 | 1 | |a Kivimaa, Katrin | |
| 245 | 0 | 0 | |a Re-thinking art history: feminist art writing in post-Soviet Estonia |c Katrin Kivimaa |
| 264 | 0 | |c 2012 | |
| 336 | |a Text |b txt |2 rdacontent | ||
| 337 | |a ohne Hilfsmittel zu benutzen |b n |2 rdamedia | ||
| 338 | |a Band |b nc |2 rdacarrier | ||
| 648 | 7 | |a Geschichte 1990-2010 |2 gnd | |
| 651 | 7 | |a Estland |0 (DE-588)4015587-0 |0 (DE-603)085035777 |2 gnd | |
| 773 | 0 | 8 | |i Enthalten in |t History of art history in Central, Eastern and South-Eastern Europe ; 2 |d Toruń : Tako Publishing House, 2012 |h 285 S., zahlr. Ill. |z 9788392411093 |g (2012), Seite 255-260 |w (DE-603)318840421 |
| 924 | 0 | |9 2080 |a (DE-603)1337640549 |b DE-2080 |c HES |d d |g / | |


